Novšie smery v srdcovej chirurgii

Bibliographic Details
Main Author: Hubka, Michal, 1916-1984 (Author)
Format: Article
Language:Slovak
Subjects:

MARC

LEADER 00000nab a2200000 a 4500
001 vtls011102866
003 SK-MaSNL
005 20260303202315.0
008 230222|1967 xo |||||||||||||||||slo|
015 |a SNBRB 
035 |a (uuid)d4b34d29-fecc-47bb-8373-d5217ea72bdb 
035 |a (urnnbn)urn:nbn:sk:snk:ar-a082uk 
035 |a urn:nbn:sk:snk-ab99im 
040 |a SNKBUCL  |b slo  |c SNKBUCL  |e AACR2 
041 0 |a slo 
044 |a xo  |c SK 
100 1 |a Hubka, Michal,  |d 1916-1984  |4 aut  |9 197845 
245 1 0 |a Novšie smery v srdcovej chirurgii  |c Michal Hubka 
650 0 7 |a kardiochirurgia  |2 SNKPH  |9 13874 
773 0 |t Svet vedy : populárnovedecký mesačník SAV a Čs. spoločnosti pre šírenie politických a vedeckých poznatkov  |g Roč. 14, č. 6 (1967), s. 337-340 
954 |a odborná, vedecká literatúra pôvodná (slovenská)  |2 lita 
958 |a OND 
958 |a EUIPO 
958 |a article13 
999 |c 2178899  |d 2180829